<?xml version="1.0" encoding="UTF-8"?>
<collection xmlns="http://www.loc.gov/MARC21/slim">
 <record>
  <leader>01324pam a22003858a 4500</leader>
  <controlfield tag="001">00046144</controlfield>
  <controlfield tag="008">201216s2019####-vm#################vie|d</controlfield>
  <controlfield tag="005">20201216081212.0</controlfield>
  <datafield tag="020" ind1="#" ind2="#">
   <subfield code="a">9786045541494</subfield>
   <subfield code="c">0</subfield>
  </datafield>
  <datafield tag="041" ind1="0" ind2="#">
   <subfield code="a">vie</subfield>
  </datafield>
  <datafield tag="082" ind1="0" ind2="4">
   <subfield code="a">895.922 800 8</subfield>
   <subfield code="b">T527T</subfield>
  </datafield>
  <datafield tag="245" ind1="0" ind2="0">
   <subfield code="a">Tuyển tập ký - tản văn xứ Đoài</subfield>
   <subfield code="c">Bằng Việt (ch.b.) ; Trần Thế Pháp, Vũ Quỳnh, Kiều Phú...</subfield>
  </datafield>
  <datafield tag="260" ind1="#" ind2="#">
   <subfield code="a">Hà Nội</subfield>
   <subfield code="b">Hà Nội</subfield>
   <subfield code="c">2019</subfield>
  </datafield>
  <datafield tag="300" ind1="#" ind2="#">
   <subfield code="a">1101tr.</subfield>
   <subfield code="c">24cm</subfield>
  </datafield>
  <datafield tag="490" ind1="0" ind2="#">
   <subfield code="a">Tủ sách Thăng Long 1000 năm</subfield>
  </datafield>
  <datafield tag="653" ind1="#" ind2="#">
   <subfield code="a">Ký</subfield>
  </datafield>
  <datafield tag="653" ind1="#" ind2="#">
   <subfield code="a">Việt Nam</subfield>
  </datafield>
  <datafield tag="653" ind1="#" ind2="#">
   <subfield code="a">Văn học hiện đại</subfield>
  </datafield>
  <datafield tag="653" ind1="#" ind2="#">
   <subfield code="a">Xứ Đoài</subfield>
  </datafield>
  <datafield tag="655" ind1="#" ind2="7">
   <subfield code="2">Bộ TK TVQG</subfield>
   <subfield code="a">Kí</subfield>
  </datafield>
  <datafield tag="655" ind1="#" ind2="7">
   <subfield code="2">Bộ TK TVQG</subfield>
   <subfield code="a">Tuyển tập</subfield>
  </datafield>
  <datafield tag="655" ind1="#" ind2="7">
   <subfield code="2">Bộ TK TVQG</subfield>
   <subfield code="a">Tản văn</subfield>
  </datafield>
  <datafield tag="700" ind1="1" ind2="#">
   <subfield code="a">Bằng Việt</subfield>
   <subfield code="e">ch.b.</subfield>
  </datafield>
  <datafield tag="700" ind1="1" ind2="#">
   <subfield code="a">Kiều Phú</subfield>
  </datafield>
  <datafield tag="700" ind1="1" ind2="#">
   <subfield code="a">Nguyễn Phi Khanh</subfield>
  </datafield>
  <datafield tag="700" ind1="1" ind2="#">
   <subfield code="a">Nguyễn Trãi</subfield>
  </datafield>
  <datafield tag="700" ind1="1" ind2="#">
   <subfield code="a">Ngô Thế Oanh</subfield>
   <subfield code="e">tuyển chọn</subfield>
  </datafield>
  <datafield tag="700" ind1="1" ind2="#">
   <subfield code="a">Trần Thế Pháp</subfield>
  </datafield>
  <datafield tag="700" ind1="1" ind2="#">
   <subfield code="a">Ông Văn Tùng</subfield>
   <subfield code="e">tuyển chọn</subfield>
  </datafield>
  <datafield tag="700" ind1="1" ind2="#">
   <subfield code="a">Vũ Quỳnh</subfield>
  </datafield>
  <datafield tag="700" ind1="1" ind2="#">
   <subfield code="a">Võ Thị Xuân Hà</subfield>
   <subfield code="e">tuyển chọn</subfield>
  </datafield>
  <datafield tag="852" ind1="#" ind2="#">
   <subfield code="j">KD.0027688</subfield>
  </datafield>
  <datafield tag="930" ind1=" " ind2=" ">
   <subfield code="a">445793</subfield>
   <subfield code="b">05/11/2019</subfield>
  </datafield>
  <datafield tag="941" ind1=" " ind2=" ">
   <subfield code="a">DP</subfield>
   <subfield code="b">VH</subfield>
  </datafield>
  <datafield tag="980" ind1="#" ind2="#">
   <subfield code="a">Trung tâm Học liệu Lê Vũ Hùng, Trường Đại học Đồng Tháp</subfield>
  </datafield>
 </record>
</collection>
